Airport codes - Statistics

General Stats
  • This quiz has been taken 26 times
  • The average score is 43 of 69
Answer Stats
City Code % Correct
Amsterdam AMS
100%
Cairo CAI
96%
Dublin DUB
96%
Istanbul IST
96%
Los Angeles LAX
96%
Athens ATH
92%
Berlin BER
92%
Paris CDG
92%
Hamburg HAM
92%
New York JFK
92%
London Heathrow LHR
92%
Madrid MAD
92%
Miami MIA
92%
Oslo OSL
88%
Brussels BRU
83%
Budapest BUD
83%
Dusseldorf DUS
83%
Prague PRG
83%
Sofia SOF
83%
Mumbai BOM
79%
Dubai DXB
79%
Frankfurt FRA
79%
Lisbon LIS
79%
Luxembourg LUX
79%
Beijing PEK
79%
Delhi DEL
75%
Goteborg GOT
75%
Nice NCE
75%
New York Newark EWR
67%
Rome FCO
67%
Chicago ORD
67%
Copenhagen CPH
63%
Krakow KRK
63%
Geneva GVA
58%
Seoul ICN
58%
Ljubljana LJU
58%
Munich MUC
58%
Milan Malpensa MXP
58%
Tokyo NRT
58%
Toronto YYZ
58%
Zurich ZRH
58%
Stockholm ARN
54%
Belgrade BEG
54%
Skopje SKP
54%
Tel Aviv TLV
54%
Vienna VIE
54%
Zagreb ZAG
54%
Poznan POZ
50%
Tallinn TLL
50%
Bucharest OTP
46%
Venice VCE
46%
Warsaw WAW
46%
Katowice KTW
42%
Riga RIX
42%
Rzeszow RZE
42%
Tbilisi TBS
42%
Tirana TIA
42%
Wroclaw WRO
42%
Cluj-Napoca CLJ
38%
Yerevan EVN
29%
Gdansk GDN
29%
Baku GYD
29%
Podgorica TGD
29%
Vilnius VNO
29%
Astana NQZ
25%
Chisinau RMO
25%
Szczecin SZZ
25%
Zielona Gora IEG
21%
Lublin LUZ
21%
No matching quizzes found
Score Distribution
Percent of People with Each Score
Percentile by Number Answered
Your Score History
You have not taken this quiz